书目信息 |
| 题名: |
马耳他黑鹰
|
|
| 作者: | 哈米特 著 | |
| 分册: | ||
| 出版信息: | 上海 上海译文出版社 2001.08 |
|
| 页数: | 238页 | |
| 开本: | 20cm | |
| 丛书名: | ||
| 单 册: | ||
| 中图分类: | I712.45 | |
| 科图分类: | ||
| 主题词: | 文学 | |
| 电子资源: | ||
| ISBN: | 7-5327-2629-0 | |
| 000 | 00521nam0 2200193 45 | |
| 001 | 0433037046 | |
| 005 | 2004042509103658 | |
| 010 | @a7-5327-2629-0@dCNY 14.90 | |
| 100 | @a20040425d2001 km y0chiy0120 ea | |
| 101 | 0 | @achi |
| 102 | @aCN@b310000 | |
| 200 | 1 | @a马耳他黑鹰@AMa Er Ta Hei Ying@f(美)哈米特著@F(Mei)Ha Mi Te Zhu |
| 210 | @a上海@c上海译文出版社@d2001.08 | |
| 215 | @a238页@d20cm | |
| 606 | 0 | @a文学 |
| 690 | @aI712.45@v3 | |
| 701 | 0 | @a哈米特@AHa Mi Te@4著 |
| 801 | 0 | @aCN@bPFT@c20040425 |
| 905 | @dI712.45@eH023 | |
| 马耳他黑鹰/(美)哈米特著.-上海:上海译文出版社,2001.08 |
| 238页;20cm |
| ISBN 7-5327-2629-0:CNY 14.90 |
| ● |
| 相关链接 |
|
|
|
正题名:马耳他黑鹰
索取号:I712.45/H023
 
预约/预借
| 序号 | 登录号 | 条形码 | 馆藏地/架位号 | 状态 | 备注 |
| 1 | 381723 | 203817236 | 社科二线400B/400B社科库 24排2列1层/ [索取号:I712.45/H023] | 在馆 | |
| 2 | 381724 | 203817245 | 文学库116/116文学库 27排1列1层/ [索取号:I712.45/H023] | 在馆 | |
| 3 | 381725 | 203817254 | 文学库116/116文学库 27排1列1层/ [索取号:I712.45/H023] | 在馆 |